=LDR 00000nam 2200000 4500 =001 INLIS000000000030867 =005 20230530093201 =035 ##$$a 0010-061300000030867 =008 230530################g##########0#ind## =041 ##$$a ind =082 ##$$a 2X4.2 =090 ##$$a 2X4.2, Sya a =100 1#$$a Syahatah, Husain husain =245 1#$$a Asuransi dalam perspektif syariah, /$c Dr. Husain Husain Syahatah; penerjemah, Ka,Fallasufa =260 ##$$a Jakarta :$b Amzah,$c 2006 =300 ##$$a xxv,248 hlm, ; $c 13 x 19 cm =650 #4$$a Asuransi =850 ##$$a NBPNMAT =020 ##$$a 979-9392-55-1 =084 ##$$a 2X4.2 SYA a =250 ##$$a cet.1 =500 ##$$a judul asli Nuzhum At-Ta'min Al-Mu'ashirah fi Mizan Asy-Syari'ah Al-islamiyyah =500 ##$$a Biografi hlm. 247-248 =700 #$$a penerjemah, Ka,Fallasufa =990 ##$$a 0001/BPAP-NTB/20142014 =990 ##$$a 0001/BPAP-NTB/2015 =990 ##$$a 20703304 =990 ##$$a 1200900380 =990 ##$$a 1200900381 =990 ##$$a 20703301 =990 ##$$a 20703301 =990 ##$$a 0001/BPAP-NTB/20142014 =990 ##$$a 0001/BPAP-NTB/2015 =990 ##$$a 20703304 =990 ##$$a 1200900380 =990 ##$$a 1200900381